000 00981cab a2200277 4500
001 ABS49092
008 090401t1993 xxu||||| |||| 00| 0 eng d
035 _a(Sirsi) u69917
041 _aeng
245 _aDesign & build
260 _c1993
300 _aLOAN
350 _a0
490 _aBuilding
_vSupplement July 1993 (24)
520 _aFindings from a survey of clients on the perceived benefits of D&B introduces this supplement. Other articles discuss the architect`s role and the shortcomings of the brief in many D&B contracts. Three examples of completed projects are given: two college schemes and three buildings for Rank Xerox.
650 _aCLIENTS
650 _aCONSTRUCTION PROCUREMENT
650 _aDESIGN AND BUILD
650 _aNOVATION
650 _aQUEEN MARY AND WESTFIELD COLLEGE
650 _aTRURO COLLEGE
650 _aUNIVERSITY OF LONDON
690 _aBUILT ENVIRONMENT-BUILDING CONTRACT FORMS
942 _n0
948 _c04/03/1997
999 _c43968
_d43968